000 00505nam a22001577a 4500
008 150514b xxu||||| |||| 00| 0 eng d
020 _a978-85-02-08440-7
080 _a331
100 _aOrides Mezzaroba; Clauidia s. Monteiro
245 _aManual de Metodologia da Pesquisa no Direito
_cMazzaroba, Orides; Monteiro S, Claudia
250 _a5ªed.
260 _aCoimbra
_bSaraiva editora
300 _a344
_b
_c
_e
_f
_g
650 _2Metodologia na Pesquisa no direito
_aMoçambique
942 _2udc
_cBK
999 _c32356
_d32356